| 000 | 00450nam a22001577a 4500 | ||
|---|---|---|---|
| 003 | OSt | ||
| 005 | 20260430083632.0 | ||
| 008 | 260430b |||||||| |||| 00| 0 eng d | ||
| 020 | _a971-23-4504-1 | ||
| 040 |
_aDWC-Main lib _cOC |
||
| 082 | _aFil. 160 J87t 2006 | ||
| 100 | _aJoven. Jose R. | ||
| 245 |
_aTeaching and Learning Logic/ _cJose R. Joven |
||
| 260 |
_aManila Philippines, _bRex Book Store, _c c2006 |
||
| 942 |
_2ddc _cBK - FIL _kFil. _n0 |
||
| 999 |
_c10153 _d10153 |
||